000
00328nam a2200133Ia 4500
008
240624s9999 xx 000 0 und d
041
_a
eng
082
_a
005.1 BRA
100
_a
BRAUDE ERIC J
245
_a
SOFTWARE DESIGN FROM PROGRAMMING TO ARCH
260
_c
2004
_a
Singapore
_b
John Wiley
300
_a
xx, : 550
365
_c
RS
999
_c
1362
_d
1362